Outrage : (Record no. 9959)

MARC details
000 -LEADER
fixed length control field 01076cam a2200265 a 4500
001 - CONTROL NUMBER
control field 3523346
003 - CONTROL NUMBER IDENTIFIER
control field OSt
005 - DATE AND TIME OF LATEST TRANSACTION
control field 20210205151737.0
008 - FIXED-LENGTH DATA ELEMENTS--GENERAL INFORMATION
fixed length control field 960327s1996 nyua 000 0 eng
010 ## - LIBRARY OF CONGRESS CONTROL NUMBER
LC control number 96007936
020 ## - INTERNATIONAL STANDARD BOOK NUMBER
International Standard Book Number 039304050X
040 ## - CATALOGING SOURCE
Original cataloging agency DLC
Transcribing agency DLC
Modifying agency DLC
043 ## - GEOGRAPHIC AREA CODE
Geographic area code n-us-ca
050 00 - LIBRARY OF CONGRESS CALL NUMBER
Classification number KF224.S485
Item number B931O
082 00 - DEWEY DECIMAL CLASSIFICATION NUMBER
Classification number 364.1/523/0979494
Edition number 20
Item number B931O
100 1# - MAIN ENTRY--PERSONAL NAME
Personal name Bugliosi, Vincent.
245 10 - TITLE STATEMENT
Title Outrage :
Remainder of title the five reasons why O.J. Simpson got away with murder /
Statement of responsibility, etc. Vincent Bugliosi.
260 ## - PUBLICATION, DISTRIBUTION, ETC.
Place of publication, distribution, etc. New York :
Name of publisher, distributor, etc. W.W. Norton & Co.,
Date of publication, distribution, etc. c1996.
300 ## - PHYSICAL DESCRIPTION
Extent 356 p. :
Other physical details ill. ;
Dimensions 25 cm.
600 10 - SUBJECT ADDED ENTRY--PERSONAL NAME
Personal name Simpson, O. J.,
Dates associated with a name 1947-
General subdivision Trials, litigation, etc.
650 #0 - SUBJECT ADDED ENTRY--TOPICAL TERM
Topical term or geographic name entry element Trials (Murder)
Geographic subdivision California
-- Los Angeles.
906 ## - LOCAL DATA ELEMENT F, LDF (RLIN)
a 7
b cbc
c orignew
d 1
e ocip
f 19
g y-gencatlg
942 ## - ADDED ENTRY ELEMENTS (KOHA)
Source of classification or shelving scheme Dewey Decimal Classification
Koha item type Books
Holdings
Withdrawn status Lost status Source of classification or shelving scheme Damaged status Not for loan Collection code Home library Current library Shelving location Date acquired Total Checkouts Full call number Barcode Date last seen Price effective from Koha item type
    Dewey Decimal Classification     Non-fiction Harvest Mission College Harvest Mission College General Stacks 09.02.2021   364 B931O 011408 09.02.2021 09.02.2021 Books

OPAC Designed and Maintained by HMC Library Team.
Copyright © HMC Library,Greater Noida, UP.
For any Suggestions/Query Contact library via Email:libhmc@gmail.com